000 01022nam a2200301 i 4500
003 DO-SdBNP
005 20260302130443.0
007 ta
008 260302b2025 dr a|||| |||| 00| 0 spa d
020 _a9789945224429
040 _aDO-SdBNP
_bspa
_cBNPHU
_erda
041 _aspa
082 4 _axxx
_bxxx
_222
100 _aDíaz, José,
_eautor
_4aut.
_99448
245 1 0 _a30 disparates que hice y volvería a repetir /
_cJosé Díaz ; prólogo, Víctor V. Vidal Pérez
246 _aTreinta disparates que hice y volvería a repetir
250 _aprimera edición
264 4 _aSanto Domingo :
_bEditora Búho,
_c©2025.
300 _a133 páginas :
_bilustraciones ;
_c23 cm.
336 _atexto
_btxt
_2rdacontent
337 _asin mediación
_bn
_2rdamedia
338 _avolumen
_bnc
_2rdacarrier
500 _aIncluye datos biográficos del autor en la contracubierta
590 _aInventariado, 2026/BT
700 _aVidal Pérez, Víctor V.,
_eprologuista
_4pr.
_989105
910 _aBtavárez
942 _2ddc
_cLBS1
999 _c60403
_d60403